Quiz do Canadá - Statistics

Estatísticas Gerais
  • Esse quiz foi jogado 4 973 vezes
  • A pontuação média é 7 de 21
Estatísticas das Respostas
Dica Resposta % Correto
Capital Ottawa
92%
Maior cidade Toronto
84%
Esporte nacional Hóquei no gelo
75%
Província majoritária de língua francesa Quebec
65%
Povoado viquingue estabelecido por volta de 1000 d.C. {Vin}lândia
48%
Objeto na bandeira canadense Folha de {bordo}
39%
Maior cidade do acima Montreal
39%
Monarca atual Carlos III
38%
Província mais populosa Ontário
30%
Primeiro-ministro eleito em 2015 Justin Trudeau
25%
País que é a maior fonte de residentes estrangeiros China
23%
Animal nacional Castor
22%
Feriado celebrado na segunda segunda-feira de outubro Dia de {Ação} {de} {Graças}
21%
Capital de Alberta Edmonton
20%
Hino nacional Ó, Canadá
18%
Estrutura mais alta Torre CN
16%
Prato canadense feito de batata frita, molho de carne, e queijo coalho Poutine
14%
Menor província Ilha do Príncipe Eduardo
13%
Maior ilha Baffin
9%
Parque nacional mais velho Banff
8%
Pássaro que aparece na moeda de um dólar canadense Gaviidae
5%
Nenhum quiz correspondente encontrado
Distribuição das Pontuações
Porcentagem de Pessoas com Cada Pontuação
Percentil de Números Respondidos
Sua Pontuação Histórica
Você não jogou esse quiz